Les Posthumanitats a debat = The contested posthumanities / The contested posthumanities /
ISBN:
9788469774656
Descripción Física:
105 pàgines ; 17 cm
Colección:
Breus CCCB
; 84
Materias:
Humanitats
; Humanisme -- Aspectes socials.
; Humanisme -- Aspectes polítics.
; Filosofia
; Educació
Idioma:
Catalán , Español , English
MARC
| LEADER | 00000nam a2200000 i 4500 | ||
|---|---|---|---|
| 001 | 25241 | ||
| 003 | Arxiu | ||
| 005 | 20260324180728.0 | ||
| 008 | 180213s2017 spc|||| |||| 0|0 0 cat| | ||
| 015 | |a LL2018 |2 bnc | ||
| 017 | |a DL B 28507-2017 |b Biblioteca de Catalunya | ||
| 020 | |a 9788469774656 | ||
| 035 | |a (ES-BaCBU).b70023177 | ||
| 040 | |a ES-BaBC |b cat |e rda |c ES-BaBC | ||
| 041 | 1 | |a spa |a eng | |
| 080 | |a 009 |2 2004 | ||
| 080 | |a 165.74:316.4 |2 2004 | ||
| 080 | |a 165.74:32 |2 2004 | ||
| 100 | 1 | |a Braidotti, Rosi, |e autor | |
| 245 | 1 | 4 | |a Les Posthumanitats a debat = |b The contested posthumanities / |c Rosi Braidotti ; edició de textos: Anna Tetas ; traducció al català: Ferran Ràfols Gesa |
| 246 | 1 | 1 | |a Contested posthumanities |
| 264 | 1 | |a Barcelona : |b Centre de Cultura Contemporània de Barcelona, |c [2017] | |
| 300 | |a 105 pàgines ; |c 17 cm | ||
| 336 | |a text |b txt |2 rdacontent | ||
| 337 | |a sense mediació |b n |2 rdamedia | ||
| 338 | |a volum |b nc |2 rdacarrier | ||
| 490 | 1 | |a Breus CCCB ; |v 84 | |
| 500 | |a Al verso de la portadella: "Una primera versió d'aquest assaig fou presentada a la conferència pronunciada al Centre de Cultura Contemporània de Barcelona el 30 de novembre del 2015, en el marc del cicle "+Humans. El futur de la nostra espècie". El text que publiquem és el primer capítol del llibre "Conflicting humanities", editat per Rosi Braidotti i Paul Gilroy, i publicat per Bloomsbury academic (2016)" | ||
| 504 | |a Referències bibliogràfiques | ||
| 546 | |a Text en català i anglès | ||
| 650 | 7 | |a Humanitats |2 lemac |9 64768 | |
| 650 | 7 | |a Humanisme |x Aspectes socials. |2 lemac | |
| 650 | 7 | |a Humanisme |x Aspectes polítics. |2 lemac | |
| 653 | |a Filosofia | ||
| 653 | |a Educació | ||
| 700 | 1 | |a Tetas, Anna, |e editor literari |9 53190 | |
| 700 | 1 | |a Ràfols, Ferran, |d 1975- |e traductor | |
| 700 | 1 | 2 | |i Contenidor de (expressió): |a Braidotti, Rosi. |t Contested posthumanities. |
| 700 | 1 | 2 | |i Contenidor de (expressió): |a Braidotti, Rosi. |t Contested posthumanities. |l Català |
| 710 | 2 | |a Centre de Cultura Contemporània de Barcelona |9 52510 | |
| 830 | 0 | |a Breus CCCB ; |v 84 |9 68420 | |
| 907 | |a .b70023177 |b 18-02-21 |c 13-02-18 |d 13-02-18 |e m |f a |g - |h cat |i spc |j 0 |k 0 | ||
| 908 | |a BC |a CCCB |a ICD | ||
| 940 | |a BC | ||
| 942 | |2 udc |c ARXIU |n 1 | ||
| 949 | |a 1002003912I |b Publicacions CCCB |c 1 |f 04.03.19 |k CCCB | ||
| 949 | |a 1002004017 |b Publicacions CCCB |c 2 |d 7 |f 16.02.22 |k CCCB | ||
| 952 | |0 0 |1 0 |4 0 |6 BIB503 |7 1 |9 61283 |a Arxiu |b Arxiu |d 2022-04-12 |l 0 |o Bib-503 |p 25241 |r 2022-04-12 00:00:00 |w 2022-04-12 |y ARXIU | ||
| 999 | |c 81262 |d 81262 | ||